Morza na literę C - Statystyki

Ogólne statystyki
  • Ten quiz został rozwiązany 86 razy
  • Średni wynik to 4 z 7
Statystyki odpowiedzi
Kontynent Odpowiedź % Poprawnych
Azja, Europa Czarne
99%
Afryka, Azja Czerwone
95%
Ameryka Północna, Azja Czukockie
59%
Azja Celebes
51%
Europa Celtyckie
51%
Ameryka Południowa Chilijskie
45%
Azja Camotes
21%
Nie znaleziono quizów pasujących do podanych kryteriów
Rozkład punktacji
Procent ludzi z każdym wynikiem
Percentyl według liczby udzielonych odpowiedzi
Twoja historia wyników
Nie rozwiązałeś tego quizu